[Event "28th WSCC Open 50 2018"]
[Site "Bled"]
[Date "2018.11.22"]
[Round "5"]
[White "Van der Werf, Mark"]
[Black "Habibi, Ali"]
[Result "1/2-1/2"]
[WhiteElo "2402"]
[BlackElo "2237"]
[Annotator "TA"]
[PlyCount "96"]
[EventDate "2018.11.17"]
[EventType "swiss"]
[EventCountry "SLO"]
[SourceTitle "playchess.com"]
[Source "ChessBase"]
[SourceQuality "1"]

{[%evp 18,96,101,94,104,104,113,112,110,118,109,103,104,92,86,65,89,57,81,69,59,63,139,138,139,118,278,280,333,277,277,281,256,116,272,92,243,202,491,152,214,105,95,94,95,8,8,15,38,8,8,5,38,8,8,8,8,8,8,8,22,8,8,0,0,0,0,0,0,0,0,0,0,0,0,0,0,0,0,0,0]} 1. d4 c5 2. d5 Nf6 3. c4 {[%cal Bc2c4,Bc4b5][%mdl 32]} b5 4. Qc2 d6 5. e4 g6 (5... bxc4 6. Bxc4 g6 7. Nf3 Bg7 8. O-O O-O 9. Nc3 Nfd7 10. Rb1 Nb6 11. Be2 a5 12. Rd1 a4 13. a3 Ba6 14. Bf4 Bxe2 15. Qxe2 N8d7 {1-0 (34) Grischuk,A (2789)-Paravyan,D (2428) Moscow 2014}) 6. cxb5 {A57: Benko/Volga Gambit} Bg7 7. Nc3 O-O 8. Nf3 Nbd7 9. a4 a6 10. h3 {LiveBook: 6 Games} axb5 11. Bxb5 Ba6 12. O-O Ne8 13. Bd2 $146 ({Predecessor:} 13. Bxa6 Rxa6 {0-1 (43) Harrison,J-Moran,C ICCF email 2013}) 13... Nc7 14. Bxa6 Rxa6 15. Rfe1 Qa8 16. Bg5 Re8 17. Nd2 Nb6 18. b3 e6 {[%cal Re6d5]} 19. Nc4 $36 {[%mdl 2048] White fights for an advantage.} Nxc4 (19... exd5 $14 20. Nxd6 Re6) 20. bxc4 $16 Rb8 21. Rab1 Bxc3 $2 {[#]} (21... Rb4 $16) 22. Qxc3 $18 Rxa4 23. Rxb8+ Qxb8 24. e5 Ne8 25. Bh6 (25. exd6 $18 {has better winning chances. And now d7 would win.} Qxd6 26. Bc1) 25... Rb4 $2 (25... dxe5 $16 26. Rxe5 Qb1+ 27. Re1 Qb4 28. Qxb4 Rxb4) 26. g3 $2 (26. dxe6 $18 dxe5 27. Qd3 (27. Rxe5 Rb1+ 28. Re1 fxe6 $16) (27. exf7+ Kxf7 28. Qf3+ Nf6 $16)) 26... Rb7 $2 (26... dxe5 $16 27. dxe6 (27. Qxe5 Qxe5 28. Rxe5 Rxc4 $14) 27... f6) 27. dxe6 fxe6 $2 (27... dxe5 28. Rxe5 Rb3 29. exf7+ Kxf7 30. Rxe8 (30. Qe1 Rb1 $11) 30... Kxe8 31. Qh8+ {[%mdl 64] Double Attack} Kd7 32. Qxh7+ {[%mdl 64] Double Attack} Kc8) 28. Qe3 $2 (28. exd6 $18 {is the precise move to win.} Qc8 29. Qe5) 28... Ng7 (28... dxe5 $16 {was called for.} 29. Qxc5 Qd6 30. Rxe5 Rb6) 29. Bxg7 (29. exd6 $18 Qxd6 30. Ra1) 29... Kxg7 $16 30. exd6 Qxd6 31. Qxe6 (31. h4 $16) 31... Qxe6 $11 32. Rxe6 $18 {[%mdl 4096] Endgame Strongly threatening Rc6. KR-KR} Rb4 33. Re4 Kf6 34. h4 Rb2 35. g4 h6 {The position is equal.} 36. Kg2 Rc2 37. Kg3 g5 38. h5 Rc3+ 39. f3 Rc2 40. Re8 Kf7 41. Rh8 {[#] Black must now prevent Rh7+.} Kg7 42. Rc8 (42. Ra8 {feels hotter.} Rxc4 43. Ra7+ Kg8 44. Ra3 Rb4 45. Kf2) 42... Rxc4 43. Rc7+ Kg8 44. Kf2 Rc3 45. Ke2 Kh8 46. Rf7 Kg8 47. Rf5 Kg7 48. Kd2 Ra3 {Accuracy: White = 16%, Black = 42%.} 1/2-1/2

[Event "28th WSCC Open 50 2018"]
[Site "Bled"]
[Date "2018.11.22"]
[Round "5"]
[White "Arakhamia-Grant, Ketevan"]
[Black "Prie, Eric"]
[Result "1-0"]
[WhiteElo "2373"]
[BlackElo "2482"]
[Annotator "TA"]
[PlyCount "97"]
[EventDate "2018.11.17"]
[EventType "swiss"]
[EventCountry "SLO"]
[SourceTitle "playchess.com"]
[Source "ChessBase"]
[SourceQuality "1"]

{[%evp 11,97,31,28,34,31,14,13,23,37,0,0,0,8,0,0,0,0,0,0,0,8,8,2,0,0,0,7,0,0,2,11,0,0,0,6,0,8,0,0,0,13,0,126,125,129,135,122,131,206,206,266,266,243,242,235,254,227,233,320,310,447,447,441,439,537,517,570,566,557,397,389,0,587,578,563,566,606,571,676,691,712,741,29984,29984,29984,29985,29986,29987]} 1. e4 d5 2. exd5 Qxd5 3. Nc3 Qa5 4. d4 Nf6 5. Nf3 Bf5 6. Bc4 e6 7. Bd2 {[#] Hoping for Nd5. B01: Scandinavian Defence} Bb4 8. a3 Bxc3 $1 9. Bxc3 {The position is equal.} Qb6 10. O-O (10. Nh4 Be4 11. Qe2 Nc6 12. O-O-O O-O-O 13. Qe3 h6 14. Rhe1 {½-½ (36) Adams,M (2742)-Laznicka,V (2676) Baku 2015}) 10... Nc6 11. a4 {[#] aiming for a5.} a5 12. Ne5 O-O 13. Nxc6 Qxc6 14. b3 $146 ({Predecessor:} 14. Bb5 Qb6 {1-0 (41) Ognean,M (1910)-Bulau,A (1681) Calimanesti 2015}) 14... Be4 15. f3 Bd5 16. Qd3 Bxc4 17. bxc4 b6 18. Rfb1 Rad8 19. Rb5 Rfe8 20. Re1 h6 21. Re3 Qd6 22. Bb2 Qc6 23. Qe2 Qd6 24. g3 Qc6 25. Reb3 Rd7 26. c5 Red8 (26... bxc5 $11 {keeps the balance.} 27. Rxc5 Qxa4) 27. cxb6 $16 cxb6 28. Rxb6 Qa8 29. c4 $36 {[%mdl 2048] White is on the roll.} Rc7 (29... Rc8 $16 30. R6b5 Rdc7) 30. Qe5 $18 Qc8 {Threatens to win with ...Nd7.} 31. Rb8 $1 {[%cal Rb8c8]} ({Not} 31. Qxa5 Rxc4 32. Qb5 Nd7 $16) 31... Qd7 32. Qxa5 Rxb8 33. Rxb8+ Kh7 34. Rb4 Qc6 35. d5 $1 {[%cal Rd5c6]} Nxd5 (35... Qd7 {might work better.} 36. Be5 Rc8) 36. cxd5 Qc2 {( -> ...Qd1+)} 37. Re4 Rc5 38. Qb4 Rxd5 {Strongly threatening ...Rd2.} 39. Rd4 Qb1+ 40. Kg2 Qc2+ 41. Kg1 Qb1+ 42. Kf2 Qc2+ 43. Ke3 Re5+ 44. Re4 Rc5 45. Qd4 {[%csl Gb2][%cal Rd4g7]} Rg5 46. Rg4 {And now Rxg5 would win.} Qxh2 47. Rxg5 {[%csl Gb2,Gg5][%cal Rd4g7] White mates.} Qg1+ 48. Ke2 {[%csl Gb2,Gg5][%cal Rd4g7]} Qg2+ 49. Qf2 {Accuracy: White = 63%, Black = 55%.} 1-0

[Event "28th WSCC Open 50 2018"]
[Site "Bled"]
[Date "2018.11.22"]
[Round "5"]
[White "Plotkin, Victor"]
[Black "Dougherty, Michael"]
[Result "1/2-1/2"]
[WhiteElo "2307"]
[BlackElo "2155"]
[Annotator "TA"]
[PlyCount "150"]
[EventDate "2018.11.17"]
[EventType "swiss"]
[EventCountry "SLO"]
[SourceTitle "playchess.com"]
[Source "ChessBase"]
[SourceQuality "1"]

{[%evp 11,150,-22,-14,-43,-28,-55,-57,-51,1,-4,-10,-79,-83,-89,-91,-112,-89,-168,-116,-127,-123,-127,-116,-131,-131,-139,-142,-140,-144,-143,-149,-146,-141,-152,-97,-137,-139,-150,-168,-176,-88,-93,-92,-91,-82,-171,-165,-181,-137,-170,-158,-314,0,0,0,-175,-83,-164,-42,-238,-247,-229,345,343,330,21,139,0,348,300,847,786,806,789,864,854,832,829,814,770,705,385,365,69,59,59,59,68,68,67,75,59,59,60,69,60,60,0,0,0,60,43,47,16,50,0,52,48,50,50,52,24,24,24,24,8,50,53,60,57,60,57,57,60,61,61,83,75,75,61,83,83,83,83,83,83,83,75,75,75,75]} 1. e4 c5 2. c3 g6 3. d4 cxd4 4. cxd4 d5 5. Nc3 dxe4 6. Bc4 {B22: Sicilian: 2 c3} Nc6 {LiveBook: 6 Games} (6... Bg7 7. Qb3 e6 8. d5 Qb6 9. Nxe4 Nf6 10. Bb5+ Bd7 11. Be3 Qa5+ 12. Bd2 Qb6 13. dxe6 fxe6 14. Be3 Qa5+ 15. Bd2 Qb6 16. Bc1 Ng8 {½-½ (16) Kharchenko,B (2464)-Kryakvin,D (2580) Taganrog 2018}) 7. Qb3 e6 8. d5 {Black has an edge.} Nd4 9. Qd1 e5 (9... Bg7 $15) 10. Nge2 $11 Qc7 11. b3 (11. Nxd4 $11 {remains equal.} Qxc4 12. Ndb5) 11... Bg4 $146 {[%mdl 2048] White is under strong pressure.} ({Predecessor:} 11... Bb4 12. Bd2 Bg4 13. Rc1 {1-0 (38) Kukawski,M (2271)-Dubinski,M (2077) Leba 2007}) 12. O-O f5 13. Bb2 a6 14. a4 (14. Nxe4 $17 {might work better.} fxe4 15. Bxd4) 14... Nf6 (14... O-O-O $1 $19 15. h3 h5) 15. Qd2 Bxe2 16. Nxe2 Nxe2+ 17. Qxe2 Bd6 18. Rac1 Qe7 19. Rfd1 O-O 20. b4 Kg7 21. b5 axb5 22. Bxb5 Nd7 (22... Rac8 $142 23. Qe3 f4) 23. Ba1 Rfc8 24. g3 Rxc1 25. Rxc1 Nb6 (25... Nf6 $19 26. Qc4 Rd8) 26. Qd1 Rc8 27. Rxc8 Nxc8 28. a5 (28. Bc3 $17 {is a better defense.}) 28... Qc7 $1 $19 29. Qa4 Ne7 30. Bc4 Qc5 31. Qd7 $2 (31. Kg2 $17 {was called for.}) 31... Kf8 $2 (31... Qxc4 32. Bxe5+ $1 {[%mdl 512]} (32. Qxd6 Kf7 $11) 32... Bxe5 33. Qxe7+ Kh6 34. Qxe5 $11) (31... e3 $1 $19 {[%cal Re3f2]} 32. Kg2 exf2) 32. Qd8+ $1 $11 Kg7 33. Kg2 $2 (33. Qd7 $11) 33... Qc7 (33... g5 $1 $19 {and Black stays clearly on top.} 34. Qd7 f4 35. gxf4 gxf4) 34. Qe8 (34. Qxc7 $17 {was worth a try.} Bxc7 35. Bc3) 34... Ng8 (34... Qxc4 35. Bxe5+ $1 {[%mdl 512]} Bxe5 36. Qxe7+ Kh6 37. Qxe5 $11) (34... e3 $19 35. Qb5 exf2) 35. Bb5 $2 {[#]} (35. Bxe5+ $1 $15 Bxe5 36. d6 $1 {[%mdl 512]} Bxd6 37. Qxg8+ Kh6 38. Qd5) 35... Nf6 $1 $19 {[%cal Rf6e8]} 36. Qe6 {[#]} f4 $4 {[%mdl 8192]} (36... e3 $1 $19 {avoids the disaster. ...Ne4 is the strong threat.} 37. f3 g5 38. Qxf5 Qxa5 {[%mdl 64] Double Attack} 39. Bxe5 Bxe5 40. Qxg5+ Kf7 41. Qxe3 Qxb5 42. Qxe5 Qxd5 43. Qc7+ Qd7) 37. gxf4 $18 Nh5 38. fxe5 $2 (38. Bxe5+ $18 Bxe5 39. Qxe5+ Qxe5 40. fxe5 Nf4+ 41. Kf1 Nxd5 42. Bd7) 38... Be7 (38... Bb4 $11 39. Qd7+ Qxd7 40. Bxd7 Nf4+ 41. Kg3 Nxd5) 39. Qd7 (39. Qd6 $16 Nf4+ 40. Kg3 Nh5+ 41. Kh3 (41. Kg4 Qc8+ 42. e6+ Nf6+ 43. Bxf6+ Bxf6 $16) 41... Qc8+ 42. e6+ Kf8 43. Qd7 (43. Qe5 Bf6 $16) 43... Nf4+ 44. Kg3 Qxd7 45. Bxd7 (45. exd7 Nxd5 46. Be5 Bd8 $16)) 39... Nf4+ $2 {[%mdl 8192]} (39... Qc5 $1 $11 {and Black stays safe.} 40. e6+ (40. Qxb7 {leads to mate.} Nf4+ {[%mdl 64] Double Attack} 41. Kg3 Qa3+ {[%mdl 64] Double Attack} 42. Bc3 Qxc3+ {[%mdl 64] Double Attack} 43. Bd3 Qxd3+ {[%mdl 64] Double Attack} 44. Kxf4 Qf3#) 40... Kh6) 40. Kg3 Nxd5 $2 (40... Qxd7 41. Bxd7 Ne2+ 42. Kg2 Nf4+ 43. Kf1 Nxd5) 41. Qxd5 Qc1 42. Qd7 Qa3+ 43. Kg2 Qf3+ 44. Kg1 Kh6 45. Bd4 Bg5 46. h4 Bd2 47. h5 $2 ({White should play} 47. Bb6 $18 e3 48. Bxe3+ Bxe3 49. fxe3 Qxe3+ 50. Kg2 Qe4+ 51. Kf2) 47... e3 $14 48. Bxe3+ Bxe3 49. fxe3 Qxe3+ 50. Kf1 Qf4+ $1 51. Ke2 Qxe5+ 52. Kd3 {And now Kc4 would win.} Qc5 53. hxg6 ({Much less strong is} 53. Qxb7 Qa3+ 54. Kc4 Qxa5 $16) 53... hxg6 54. Qh3+ (54. Qxb7 $14 Qa3+ 55. Kc4 Qc1+ 56. Kb4 Qd2+ 57. Kc5 (57. Ka4 Qd1+ 58. Ka3 Qa1+ 59. Kb3 Qb1+ 60. Ka4 Qa1+ 61. Kb4 Qe1+ 62. Kc4 Qc1+ 63. Kb4 Qd2+ 64. Kc5 Qxa5 $14) 57... Qxa5 58. Qf3) 54... Kg7 $1 $11 55. Qd7+ ({Better is} 55. Bd7 $11) 55... Kh6 $1 $14 56. Ke2 Qe5+ 57. Kf2 {Black must now prevent Qd2+.} Qf4+ 58. Ke2 {aiming for Qd2.} (58. Ke1 $5 {[%cal Rd7d2]} Qe5+ 59. Kf2 $18) 58... Qe5+ 59. Kf3 {Threatens to win with Qd2+.} Qc3+ 60. Bd3 {Hoping for Qd6.} Qxa5 61. Qxb7 (61. Qe6 {with more complications.} Qg5 62. Ke2 Qg2+ 63. Kd1 Qf3+ 64. Kd2) 61... Qh5+ 62. Ke3 Qe5+ 63. Kd2 Qf4+ 64. Kc3 Qe5+ 65. Kb3 Qd6 66. Qh1+ Kg7 67. Qe4 Qb6+ 68. Kc2 Qd6 69. Kd1 Kh6 70. Qe3+ Kg7 71. Ke1 {White is better.} Qb4+ 72. Kf1 Qd6 73. Kg2 Qf6 74. Be4 Qb2+ 75. Kh3 Qe5 {Accuracy: White = 26%, Black = 55%.} 1/2-1/2

[Event "28th WSCC Open 50 2018"]
[Site "Bled"]
[Date "2018.11.22"]
[Round "5"]
[White "Mannion, Stephen R"]
[Black "Farrell, Neil"]
[Result "1/2-1/2"]
[WhiteElo "2286"]
[BlackElo "2117"]
[Annotator "TA"]
[PlyCount "75"]
[EventDate "2018.11.17"]
[EventType "swiss"]
[EventCountry "SLO"]
[SourceTitle "playchess.com"]
[Source "ChessBase"]
[SourceQuality "1"]

{[%evp 16,75,0,0,0,0,5,4,11,8,6,0,2,0,0,2,27,28,32,20,30,-20,10,0,51,25,66,38,49,20,35,37,55,16,62,22,8,0,0,0,56,68,71,72,149,104,159,7,10,31,101,-180,-193,-193,-232,-233,-225,-237,0,0,0,0]} 1. e4 {[%cal Be2e4,Be4e5][%mdl 32]} e6 2. d4 d5 3. Nd2 Nf6 4. e5 Nfd7 5. c3 c5 6. f4 Nc6 7. Ndf3 Qb6 8. a3 Be7 9. h4 {LiveBook: 29 Games. C05: French Tarrasch: 3...Nf6 4 e5 Nfd7, 5 f4 and 5 Bd3 sidelines} (9. b4 cxd4 10. cxd4 f6 11. Bd3 O-O 12. Ne2 fxe5 13. dxe5 a5 14. b5 Ncxe5 15. Nxe5 Nxe5 16. fxe5 Qf2+ {½-½ (30) Nyzhnyk,I (2627)-Huschenbeth,N (2546) Cleveland 2015}) 9... a6 10. h5 h6 11. g3 $146 ({Predecessor:} 11. b3 Ndb8 12. Be3 cxd4 13. Nxd4 Nxd4 14. Bxd4 Bc5 15. Nf3 Bxd4 16. Nxd4 Nc6 17. Rh3 {½-½ (17) Coll Frances,C-Coll Frances,J Tarragona 1994}) 11... cxd4 12. cxd4 Na5 13. Kf2 Nb3 14. Rb1 Nxc1 15. Qxc1 Qd8 16. Bd3 Nb6 17. b3 Bd7 18. a4 Bb4 19. Ne2 Rc8 ({Black should try} 19... Nc8 $11) 20. Qe3 Qe7 21. g4 Kd8 22. f5 Kc7 23. Qf4 Rcg8 24. f6 Qf8 25. Rbg1 gxf6 26. exf6+ Bd6 $1 {[%cal Rd6f4]} 27. Ne5 Rg5 (27... Bc6 $11) 28. a5 $14 Nc8 29. Rc1+ Kd8 (29... Bc6 $142) 30. Ng1 $16 {Ngf3 is the strong threat.} Rhg8 ({Black should play} 30... Bxe5 31. dxe5 Rhg8) 31. Rh4 $2 (31. Ngf3 $1 $16) 31... Na7 $1 $11 32. Ngf3 {Hoping for Nxf7+!} Nc6 {[#]} 33. Nxc6+ $2 {[%mdl 8192]} (33. Rxc6 $1 $16 {keeps the pressure on.} bxc6 34. Qe3 (34. Bxa6 Bxe5 35. Nxe5 Rxe5 $11)) 33... Bxc6 $19 34. Ne5 {[#]} Bxe5 $1 35. dxe5 Qa3 $1 {[%csl LRa5,LRb3][%mdl 64] Double Attack} 36. Bh7 Rxg4 $2 (36... Rh8 $19 37. Bd3 Qxa5) 37. Rxg4 $11 Rxg4 38. Qxg4 {Accuracy: White = 52%, Black = 61%.} 1/2-1/2

[Event "28th WSCC Open 50 2018"]
[Site "Bled"]
[Date "2018.11.22"]
[Round "5"]
[White "Lagunov, Evgenij"]
[Black "Kannenberg, Karl-Heinz"]
[Result "1/2-1/2"]
[WhiteElo "2272"]
[BlackElo "2182"]
[Annotator "TA"]
[PlyCount "103"]
[EventDate "2018.11.17"]
[EventType "swiss"]
[EventCountry "SLO"]
[SourceTitle "playchess.com"]
[Source "ChessBase"]
[SourceQuality "1"]

{[%evp 13,103,8,13,5,17,-12,20,22,17,17,27,18,8,-14,-12,-12,0,-16,0,-35,-23,-48,-27,-45,-33,-32,-27,-35,-34,-42,-27,-127,-146,-193,0,-29,-35,-43,-32,-66,-47,-68,-58,-47,-35,-37,-40,-56,-4,-4,-4,-8,-8,-13,0,0,0,0,0,-8,-8,-22,-22,-25,0,0,0,-77,-77,-265,-55,-55,-55,-96,-55,-55,-55,-55,-47,-47,-47,-55,-55,-55,0,-55,-55,-55,-55,-55,-55,-55]} 1. e4 c6 2. d4 d5 3. e5 Bf5 4. Nf3 e6 5. Be2 Ne7 6. Nc3 {B12: Caro-Kann: Advance Variation} (6. O-O c5 7. Be3 Nec6 8. c3 Nd7 9. Nbd2 Be7 10. a3 a6 11. Re1 O-O 12. Nf1 Rc8 13. Ng3 Bg6 14. Nd2 cxd4 15. cxd4 Qb6 16. b4 Nxd4 17. Bf1 {0-1 (50) Caruana,F (2822)-Mamedyarov,S (2801) Saint Louis 2018}) 6... h6 7. O-O Nd7 {LiveBook: 5 Games} 8. Be3 {The position is equal.} Qc7 9. b4 $146 ({Predecessor:} 9. a4 g5 10. a5 Bg7 11. Qd2 Ng6 12. b4 a6 13. Ne1 g4 14. Nd3 O-O-O 15. Nc5 Rdg8 {1-0 (34) Franceschi,R (2073)-Bettazzi,A (1965) Pescia 2013}) 9... Bh7 10. Rb1 Nf5 11. Bd2 Be7 12. a4 O-O 13. g4 Nh4 14. Nxh4 Bxh4 15. f4 f6 {[%cal Rf6e5]} 16. Be3 fxe5 17. fxe5 Qd8 18. Qd2 Qe7 19. a5 Rac8 20. Na4 b6 21. Rxf8+ Qxf8 22. Ba6 {[#]} (22. Rf1 $11 Qe7 23. axb6 axb6 24. Qc3) 22... Qf3 $1 $17 {[%mdl 512] ( -> ...Be4!)} 23. Be2 {[#]} (23. Bxc8 $2 {leads to mate.} Be4 24. Bxd7 Qh1#) 23... Qf8 $2 (23... Qh3 $1 $19 24. Nc3 Rf8) 24. Rf1 Qe7 25. axb6 axb6 26. Nb2 {[%cal Ba4b2,Bb2c4,Bc4d6][%mdl 32]} c5 $1 {[%cal Rc5d4] Strongly threatening ...cxd4.} 27. bxc5 bxc5 28. c4 cxd4 29. Qxd4 Be4 30. cxd5 exd5 ({Better is} 30... Bxd5 $15 31. Nd3 Bg5) 31. Nc4 $1 $11 {[%cal Rc4d6]} Rf8 32. Rxf8+ Kxf8 33. Bf4 Qc5 34. Qxc5+ Nxc5 35. Nd6 Ne6 36. Bd2 Nd4 37. Nxe4 {aiming for Nc3.} Nxe2+ 38. Kf1 dxe4 39. Kxe2 {[%mdl 4096] Endgame KB-KB} Kf7 40. Bf4 (40. g5 $1 $11) 40... Ke6 $17 41. Ke3 $2 (41. h3 $17 {was necessary.}) 41... Kd5 $2 ({Black should try} 41... g5 $19 {White must now prevent ...Kd5.} 42. Kxe4 gxf4 43. Kxf4 Be7) 42. e6 $15 Be7 43. Bb8 g5 ({But not} 43... Kxe6 $6 44. Kxe4 g6 45. h3 $11) 44. Ba7 Bd6 45. Bd4 Bf4+ 46. Ke2 {Hoping for e7.} Kxe6 47. h3 Be5 48. Bc5 Bg7 (48... Bd6 $1 $15 49. Bd4 Bf8) 49. Ke3 (49. Kd2 $1 $11) 49... Kd5 {Black is slightly better.} 50. Ba3 Bd4+ 51. Ke2 Bc5 52. Bb2 {Precision: White = 35%, Black = 47%.} 1/2-1/2

[Event "28th WSCC Open 50 2018"]
[Site "Bled"]
[Date "2018.11.22"]
[Round "5"]
[White "Mukanov, Saltanat"]
[Black "Galvan Sarmiento, Jose Luis"]
[Result "1/2-1/2"]
[WhiteElo "2250"]
[BlackElo "1868"]
[Annotator "TA"]
[PlyCount "57"]
[EventDate "2018.11.17"]
[EventType "swiss"]
[EventCountry "SLO"]
[SourceTitle "playchess.com"]
[Source "ChessBase"]
[SourceQuality "1"]

{[%evp 11,57,19,16,-11,-8,-12,0,-7,0,-25,-13,-54,-34,-48,-49,-61,-39,-24,-17,-76,-75,-81,-75,-81,-64,-94,-60,-66,-48,-56,-6,-5,-5,-11,-11,-78,-24,-86,-57,-66,-56,-60,-23,-59,-57,-54,-55,-39]} 1. c4 e5 2. Nc3 Bb4 3. g3 Bxc3 4. bxc3 Nc6 5. Bg2 Nge7 6. d3 {A21: English Opening: 1...e5 2 Nc3} (6. c5 d6 7. cxd6 cxd6 8. d3 O-O 9. Nf3 h6 10. Rb1 b6 11. Ba3 Be6 12. c4 Qd7 13. O-O Rad8 {½-½ (81) Cordova,E (2651)-Stripunsky,A (2536) Philadelphia 2017}) 6... d6 {LiveBook: 38 Games} 7. e3 Bd7 $146 ({Predecessor:} 7... Be6 8. Ne2 Qd7 9. O-O Bh3 10. e4 O-O-O 11. Be3 b6 12. a4 Na5 13. Nc1 h5 {0-1 (38) Durmaz,A (1881)-Khukhashvili,S (2360) Konya 2016}) 8. Ne2 {The position is equal.} Qc8 9. h3 O-O 10. Bd2 Nd8 11. Qc2 Bc6 12. f3 f5 {[%cal Bf7f5,Bf5f4][%mdl 32]} 13. O-O Qe6 14. e4 b6 15. g4 (15. Bg5 $11) 15... f4 $17 16. a4 a5 17. Qa2 Kh8 18. Rfd1 Ng6 19. Be1 Qf6 20. Nc1 Nf7 21. Qf2 $1 Qe6 22. Rd2 Bd7 23. Kf1 {[#]} (23. h4 $11) 23... Nd8 (23... h5 $1 $17 {[%mdl 512]}) 24. Ke2 (24. h4 $11) 24... Nb7 25. Kd1 Nc5 26. Rda2 Rad8 27. Bf1 Qe8 {[%cal Rd7a4]} 28. Qc2 Qe7 29. Qf2 {Accuracy: White = 51%, Black = 50%.} 1/2-1/2

[Event "28th WSCC Open 50 2018"]
[Site "Bled"]
[Date "2018.11.22"]
[Round "5"]
[White "Kastelic, Marian"]
[Black "Arkell, Keith C"]
[Result "0-1"]
[WhiteElo "2241"]
[BlackElo "2443"]
[Annotator "TA"]
[PlyCount "192"]
[EventDate "2018.11.17"]
[EventType "swiss"]
[EventCountry "SLO"]
[SourceTitle "playchess.com"]
[Source "ChessBase"]
[SourceQuality "1"]

{[%evp 16,192,20,0,22,0,29,8,20,0,0,-27,0,0,2,0,-2,-30,-11,-24,-9,-22,-5,-26,-1,-6,-18,-18,-14,-34,-38,-40,-44,-52,-47,-53,-40,-35,-45,-32,-31,-31,-27,-35,-27,-40,0,0,0,-2,-4,-6,0,0,0,0,0,-24,-13,-32,-12,-45,-44,-67,-61,-61,0,-22,0,-34,-34,-92,-29,-29,-29,-33,-26,-120,-154,-136,-151,-163,-156,17,-194,-150,-35,-47,-43,-54,-8,-8,-8,-24,-24,-24,-23,-59,-27,-31,-31,-31,-33,-60,-60,-67,-35,-42,-8,-39,-25,-20,-12,-20,-20,-20,-20,-20,-20,-37,-35,-54,-8,-8,-8,-8,-8,-8,-8,-12,-12,-27,-21,-352,-345,-345,-345,-345,-331,-323,-323,-323,-316,-309,-294,-294,-273,-233,-175,-5077,-4974,-29945,-29940,-29948,-29949,-29942,-12554,-7242,-5077,-29960,-29960,-29976,-29977,-29978,-29977,-29977,-29978,-29977,-9928,-6257,-6257,-29979,-29980,-29980,-29981,-29981,-29982,-29985,-29986]} 1. d4 Nf6 2. Nf3 e6 3. e3 c5 4. b3 cxd4 5. exd4 b6 6. Bd3 Bb7 7. O-O Be7 8. Nbd2 O-O {A47: 1 d4 Nf6 2 Nf3 b6: Torre, London and Colle Systems} 9. Qe2 {LiveBook: 3 Games} (9. Bb2 Nc6 10. a3 Rc8 11. Re1 Re8 12. Rc1 Bf8 13. c4 d5 14. c5 a5 15. Bb5 Nd7 16. b4 axb4 17. Bxc6 Bxc6 18. axb4 Qc7 19. Qb3 Rb8 20. Qc3 bxc5 21. dxc5 e5 22. Nxe5 Nxe5 23. Rxe5 Rxe5 24. Qxe5 Qxe5 25. Bxe5 Rxb4 {0-1 (54) Gazik,V (2501)-Petrik,T (2470) Banska Stiavnica 2018}) 9... d6 10. c4 Nbd7 {The position is equal.} 11. Re1 Re8 $146 ({Predecessor:} 11... h6 12. h3 Re8 13. Ne4 Bxe4 14. Bxe4 Nxe4 15. Qxe4 {1-0 (46) Sanchez,A (2095)-Olsen,M (1998) Mallorca 2004}) 12. Ng5 Bf8 13. Nde4 Nxe4 (13... h6 {is interesting.} 14. Nf3 Nxe4 15. Bxe4 d5 16. Bc2 Bb4) 14. Bxe4 Bxe4 15. Nxe4 d5 16. Ng3 {[%cal Be4g3,Bg3f1,Bf1e3][%mdl 32]} Nf6 {[%cal Bd7f6,Bf6e4,Be4d6,Bd6f5,Bf5e7,Be7c6][%mdl 32]} 17. Be3 Qd7 18. a4 Rec8 19. Rec1 a5 20. Nf1 Ne4 21. f3 Nd6 22. Bf2 Nf5 23. g4 Ne7 $1 24. Qd2 Nc6 25. Ne3 Bb4 26. Qd1 Ne7 27. Qd3 h6 28. cxd5 Nxd5 29. Nxd5 Qxd5 30. Rc4 Rd8 31. Qe4 b5 32. Qxd5 Rxd5 33. Rc6 Be7 34. Rac1 bxa4 35. bxa4 Rad8 36. Ra6 Bf6 37. Rc4 Rb8 38. Kf1 Rb1+ 39. Ke2 Rb2+ 40. Kf1 Rb1+ 41. Ke2 Rh1 42. Rc5 Rd7 43. Kd3 {[#]} (43. Raxa5 $15 g5 44. Kd3) 43... Bxd4 $1 {[%mdl 512]} 44. Bxd4 Rd1+ 45. Ke3 {And now Bc3 would win.} R7xd4 46. Raxa5 $15 {[%mdl 4096] Endgame KRR-KRR} (46. Ra8+ $11 Kh7 47. Ra7) 46... R1d3+ $17 47. Ke2 Ra3 $1 48. Ra7 Rf4 ({Inferior is} 48... Raxa4 49. Rc8+ Kh7 50. Rxf7 $14) 49. Rc8+ Kh7 50. Rf8 Kg6 ({Weaker is} 50... Raxa4 51. Rfxf7 Rxa7 52. Rxa7 $11) ({Of course not} 50... Rfxa4 $6 51. Raxf7 h5 52. h3 $11) (50... Raxf3 $17 51. h4 Rf2+ 52. Ke3 R2f3+ 53. Ke2 g5) 51. h4 $1 $15 Raxf3 52. a5 h5 53. gxh5+ Kxh5 54. Rb7 Ra3 55. Rfxf7 Rxh4 {Hoping for ...Rh2+.} 56. Rb5+ Kh6 57. Kf2 Rh2+ 58. Kg1 Re2 59. Rf2 Re1+ 60. Kg2 Kg6 61. Kh2 Re4 62. Kg2 Kh6 63. Rf3 Re2+ 64. Kg3 Raa2 65. Kg4 Re4+ 66. Rf4 Re1 67. Rf3 Ra4+ 68. Kg3 g5 69. Kf2 Ree4 (69... Rea1 {with more complications.} 70. Rf6+ Kh5 71. Rxe6 R1a2+ 72. Kg1 Rd2) 70. Re3 Rxe3 71. Kxe3 $11 {KR-KR} Kg6 72. Kf3 Kf6 73. Rc5 e5 {White must now prevent ...Kf5.} 74. Rc8 $2 {[%mdl 8192]} (74. Rc6+ $1 $11 {and White stays safe.} Kf5 75. Ra6) 74... Rxa5 $19 75. Rf8+ Kg7 76. Rb8 Ra4 77. Rb6 Kf7 78. Rc6 {[#]} Rf4+ $1 79. Kg3 {[#]} Rf6 $1 {[%cal Rf6c6]} 80. Rc1 Kg6 81. Re1 Kf5 82. Kf3 $2 (82. Rf1+ Kg6 83. Re1) 82... Ra6 83. Re3 g4+ 84. Kg3 Rh6 85. Re1 Rh3+ 86. Kg2 Kf4 87. Re2 Rg3+ 88. Kf2 Rd3 89. Kg2 e4 90. Rf2+ Rf3 91. Ra2 Rg3+ (91... g3 $142 92. Kg1 e3 93. Ra4+ Kf5 94. Ra5+ Ke4 95. Ra4+ Kd3 96. Ra3+ Kc2 97. Ra2+ Kb3 98. Re2 Kc3 99. Ra2 Rf2 100. Ra3+ Kd2 101. Ra2+ Kd1 102. Ra1+ Kc2 103. Ra2+ Kd1 104. Ra1+ Kc2 105. Ra2+ Kd3 106. Ra1 Kc2) 92. Kf1 Rd3 93. Kg2 g3 {Black mates.} 94. Rb2 Rd4 95. Rb8 Rd2+ 96. Kg1 e3 {Accuracy: White = 35%, Black = 47%.} 0-1